Fall Out Boy - So Much (For) Stardust Word Ladder - Statistics

General Stats
  • This quiz has been taken 108 times
  • The average score is 27 of 34
Answer Stats
Hint Answer % Correct
"Sending my love from the other ____" SIDE
99%
Before the album released, fans could see a pink seashell on the band's web___ SITE
97%
Heartbreak Feels So ____, So ____ Right Now GOOD
93%
Patrick Stump is the lead ____er of Fall Out Boy. SING
92%
This ain't a scene, it's a goddamn arms ___ RACE
90%
If you like it, you should put this on it. Saturn has many of these. RING
90%
Track 8 on So Much (For) Stardust, "I Am My Own ____" MUSE
89%
Joe Trohman stands at 5'10, making him the ___est member of Fall Out Boy. TALL
89%
Pete Wentz says in Track 10, "___ is luck, and I wish ours overlapped more or for longer."Also, track 12 of So Much (For) Stardust, What a ____ To Be Alive TIME
89%
A Fall Out Boy song from 2007, The ____ Over, The Break's Over TAKE
86%
Track 9 on So Much (For) Stardust, "Flu ____" GAME
85%
When performing "This Ain't A Scene", Fall Out Boy wrote these, not tragedies. SINS
85%
A type of clown that doesn't talk. MIME
84%
Six is afraid of seven, because seven did something awful to ____ NINE
83%
Track 4 on So Much (For) Stardust, "____ Out" FAKE
82%
Simply another word for a story TALE
82%
A popular Asian food. RICE
80%
According to Fall Out Boy, this is less than infamy. Also means becoming a celebrity. FAME
78%
Kind and sympathetic. NICE
78%
Rucka Rucka Ali parodied a Fall Out Boy song for "___craft Won't Add Inches to Your Cock" MINE
77%
A step on a ladder, or past tense of calling someone on the phone RUNG
77%
Something you have to pay to use a certain bridge or road. TOLL
77%
In track 4 of Infinity On High, Fall Out Boy say they are "The new ___ of failure" FACE
76%
Just so you know, you'll never know, and some secrets weren't meant to be ___ in 2005. TOLD
76%
From Irresistible, "Coming in unannounced, drag my nails on the ___" TILE
74%
In 2007, Patrick Stump asks, "How cruel is the ___en rule?" GOLD
73%
A digital item on your computer, or something you use to whittle something down. FILE
67%
This is done in a chair, on a couch, really anywhere you can make it work. SITS
67%
A mark or letter of mysterious or magic significance. RUNE
64%
American rapper Dominic, ended up in Euphoria season 1 FIKE
63%
An action intended to deceive someone; a trick. RUSE
63%
A long stare GAZE
59%
Mason Durell Betha, American rapper and minister. MASE
52%
A path or collection of paths, typically from an entrance to a goal. MAZE
51%
No matching quizzes found
Score Distribution
Percent of People with Each Score
Percentile by Number Answered
Your Score History
You have not taken this quiz